000 00314nam a2200145Ia 4500
100 _aBartee/Thomas C
250 _a6
942 _cBK
654 _acomputer
245 _aDigital computer fundamental
260 _bTata Mc Graw hill Ltd.
_c1991
082 _a621.3819
_bBAR
300 _a610
546 _aENGLISH
999 _c23719
_d23719